Διπλό είδωλο στον σπασμένο καθρέφτη

Αποθηκεύτηκε σε:
Λεπτομέρειες βιβλιογραφικής εγγραφής
Κύριος συγγραφέας: Christie, Agatha, 1890-1976
Μορφή: Βιβλίο
Γλώσσα:Greek
English
Δημοσίευση: Αθήνα : Λυχνάρι, 1970.
Σειρά:Βιβλιοθήκη αστυνομικής φιλολογίας ; 65
Θέματα:
Ετικέτες: Προσθήκη ετικέτας
Δεν υπάρχουν, Καταχωρήστε ετικέτα πρώτοι!

MARC

LEADER 00000nam a2200000 a 4500
001 1/126589
008 230516s1970####gr | ||| |||| ||gre||
040 |a GR-MyUa  |b gre  |c GR-MyUa  |e AACR2 
041 1 |a gre  |h eng 
082 7 |a 823   |2 (23) 
100 1 |a Christie, Agatha,   |d 1890-1976. 
245 1 0 |a Διπλό είδωλο στον σπασμένο καθρέφτη /   |c Άγκαθα Κρίστι ; μετάφρασις Αχ. Κυριαζή. 
260 |a Αθήνα :   |b Λυχνάρι,   |c 1970. 
300 |a 182 σ. :   |c 19 εκ. 
490 1 |a (Βιβλιοθήκη αστυνομικής φιλολογίας ;   |v 65) 
500 |a Τίτλος πρωτοτύπου: The mirror crack'd from side to side. 
650 0 |a English fiction. 
830 0 |a Βιβλιοθήκη αστυνομικής φιλολογίας ;  |v 65 
970 |a Κοντού  |b Παρασκευή  |z 16/05/2023